Normal view
MARC view
- Soroosh, Jalal.
Entry Personal Name
001 - CONTROL NUMBER
- control field: 45521
003 - CONTROL NUMBER IDENTIFIER
- control field: OSt
005 - DATE AND TIME OF LATEST TRANSACTION
- control field: 20220608101308.0
008 - FIXED-LENGTH DATA ELEMENTS
- fixed length control field: 220608|| aca||aabn | a|a d
040 ## - CATALOGING SOURCE
- Original cataloging agency: OSt
- Transcribing agency: OSt
100 ## - HEADING--PERSONAL NAME
- Personal name: Soroosh, Jalal.
- Relator term: Author.
670 ## - SOURCE DATA FOUND
- Source citation: Work cat.: (OSt): Langmead, Joseph M. 45519, Accounting for financial instruments:, 2011.
